000
00231 a2200085 4500
020
_a
9783319879222
100
_a
SARA HUGHES, ERIK E. CHU
245
_a
CLIMATE CHANGE IN CITIES: INNOVATION IN MULTI-LEVEL GOVERNANCE
260
_b
SPRINGER
999
_c
13042
_d
13042